Προποθέσεις για τη χάραξη και εφαρμογή μιάς ρεαλιστικής πολιτικής τουριστικής ανάπτυξης
Αποθηκεύτηκε σε:
| Κύριος συγγραφέας: | |
|---|---|
| Συλλογικό Έργο: | , |
| Μορφή: | Βιβλίο |
| Γλώσσα: | Greek |
| Δημοσίευση: |
Αθήνα :
Ι.Τ.Ε.,
2000
|
| Θέματα: | |
| Ετικέτες: |
Προσθήκη ετικέτας
Δεν υπάρχουν, Καταχωρήστε ετικέτα πρώτοι!
|
MARC
| LEADER | 00000cam a2200000 i 4500 | ||
|---|---|---|---|
| 001 | 1/32161 | ||
| 008 | 060711s2000 gre d | ||
| 020 | |a 960-7121-22-8 | ||
| 035 | |l 10084604 | ||
| 040 | |a GR-MY-UA |b gre |e aacr | ||
| 041 | 0 | |a gre | |
| 082 | 0 | |a 338.4791 |2 (22) | |
| 100 | 1 | |a Ηγουμενάκης, Νικόλαος Γ. | |
| 245 | 1 | 0 | |a Προποθέσεις για τη χάραξη και εφαρμογή μιάς ρεαλιστικής πολιτικής τουριστικής ανάπτυξης / |c Ν. Ηγουμενάκης ; Υπουργείο Εθνικής Παιδείας και Θρησκευμάτων ; Ινστιτούτο Τεχνολογικής Εκπαίδευσης |
| 260 | |a Αθήνα : |b Ι.Τ.Ε., |c 2000 | ||
| 300 | |a 76 σ.; |b εικ.; |c 24 εκ. | ||
| 504 | |a Περιέχει βιβλιογραφία (σ. 66-67) | ||
| 650 | 0 | 0 | |a Tourism |x Government policy |z Greece. |
| 650 | 0 | 0 | |a Research. |
| 650 | 0 | |a Tourism |z Greece. | |
| 710 | 2 | |a Υπουργείο Εθνικής Παιδείας και Θρησκευμάτων. | |
| 710 | 2 | |a Ινστιτούτο Τεχνολογικής Εκπαίδευσης. | |
| 852 | |a INST |b LESVOS |e 20060711 |h 338.4791 ΗΓΟ |p 005100036255 |q 005100036255 |t BK |y 0 | ||
| 901 | |a BIBL1-2006-2 | ||
| 909 | |a Λ |b 103398 | ||
| 970 | |a ΚΑΡΑ |b ΓΙΑΣΕΜΗ |z 2006/07/11 | ||